[Event "Enniscrone Sligo op-B"]
[Site "Enniscrone"]
[Date "2025.01.31"]
[Round "1"]
[White "Clare, Steve"]
[Black "Mcgrady, Seth"]
[Result "1-0"]
[WhiteElo "1763"]
[BlackElo "1602"]
[PlyCount "91"]
[EventDate "2025.01.31"]
[EventType "swiss"]
[EventRounds "5"]
[EventCountry "IRL"]
[SourceTitle "CB06_2025"]
[SourceDate "2025.02.05"]
[SourceVersion "1"]
[SourceVersionDate "2025.02.05"]
[SourceQuality "1"]

1. e4 c6 2. d4 d5 3. exd5 cxd5 4. c4 Nf6 5. Nc3 g6 6. c5 Bg7 7. Be2 0-0 8. Nf3 Nc6 9. 0-0 b6 10. Bb5 Bb7 11. Bxc6 Bxc6 12. Ne5 Bb7 13. b4 bxc5 14. bxc5 Ba6 15. Re1 Nd7 16. Nc6 Qc7 17. Nxe7+ Kh8 18. Ncxd5 Qa5 19. Bd2 Qa3 20. Bb4 Qb2 21. Bc3 Qa3 22. Re3 Bc4 23. c6 Nb6 24. Nxb6 axb6 25. c7 Be6 26. Qd2 Qxe7 27. d5 Qxc7 28. Bxg7+ Kxg7 29. dxe6 f6 30. Qd7+ Qxd7 31. exd7 Kf7 32. Rae1 Rad8 33. Re7+ Kg8 34. R1e6 b5 35. Kf1 Ra8 36. f3 f5 37. a3 Rfd8 38. f4 Ra7 39. Rd6 Kf8 40. Rxh7 Rxa3 41. Rxg6 Rd3 42. Rb6 Kg8 43. Re7 Kf8 44. Re8+ Rxe8 45. dxe8Q+ Kxe8 46. Rxb5 1-0

[Event "Gibraltar Amateurs op-A"]
[Site "Caleta"]
[Date "2020.01.23"]
[Round "4"]
[White "Zhou, Jing"]
[Black "Clare, Steve"]
[Result "0-1"]
[WhiteElo "1457"]
[BlackElo "1632"]
[PlyCount "92"]
[EventDate "2020.01.20"]
[EventType "swiss"]
[EventRounds "5"]
[EventCountry "GGB"]
[SourceTitle "EXT 2021"]
[Source "ChessBase"]
[SourceDate "2020.10.23"]
[SourceVersion "1"]
[SourceVersionDate "2020.10.23"]
[SourceQuality "1"]

1. Nf3 f5 2. d4 Nf6 3. e3 e6 4. Bd3 d5 5. b3 Bd6 6. Bb2 0-0 7. Nbd2 Ne4 8. Qe2 Nd7 9. 0-0 Rf6 10. Ne5 Rh6 11. f4 Bxe5 12. fxe5 Nxd2 13. Qxd2 Qh4 14. g3 Qe7 15. c4 dxc4 16. bxc4 c6 17. a4 b6 18. a5 a6 19. Qg2 Bb7 20. axb6 Nxb6 21. c5 Nd5 22. Qd2 Qg5 23. Bc1 Qg6 24. Rb1 Ra7 25. Qa5 Qh5 26. Qd2 Nxe3 27. Qf2 Ng4 28. Be2 Nxf2 29. Bxh5 Nh3+ 30. Kg2 Rxh5 31. g4 fxg4 32. Kg3 Rf5 33. Be3 h5 34. Kh4 g6 35. Bh6 Kf7 36. Kg3 a5 37. Ra1 a4 38. Rfb1 Rf3+ 39. Kh4 a3 40. Rb6 Rf2 41. Rxa3 Rxa3 42. Rxb7+ Ke8 43. Rb8+ Kd7 44. Rb7+ Kc8 45. Rg7 Rxh2 46. Rxg6 Nf4+ 0-1

[Event "GBR-ch U1750 106th"]
[Site "Torquay"]
[Date "2019.08.02"]
[Round "5"]
[White "Clare, Steve"]
[Black "Shek, Daniel"]
[Result "0-1"]
[WhiteElo "1668"]
[BlackElo "1434"]
[PlyCount "58"]
[EventDate "2019.07.29"]
[EventType "swiss"]
[EventRounds "7"]
[EventCountry "ENG"]
[SourceTitle "EXT 2025"]
[Source "ChessBase"]
[SourceDate "2024.10.14"]
[SourceVersion "1"]
[SourceVersionDate "2024.10.14"]
[SourceQuality "1"]

1. e4 c5 2. d4 cxd4 3. c3 dxc3 4. Nxc3 Nc6 5. Nf3 g6 6. Bc4 Bg7 7. Qe2 d6 8. 0-0 Nf6 9. Rd1 0-0 10. e5 Ne8 11. exd6 Nxd6 12. Nb5 Bg4 13. Bf4 Bxf3 14. gxf3 Re8 15. Qc2 Be5 16. Nxd6 exd6 17. Bxe5 Nxe5 18. Bd5 Qg5+ 19. Kh1 Rac8 20. Qb3 b6 21. Rg1 Qf6 22. Rg3 Rc5 23. Rag1 Rec8 24. Be4 Nc4 25. Rd1 Qxb2 26. Qxb2 Nxb2 27. Rxd6 Ra5 28. Bd5 Nc4 29. Rg4 Nxd6 0-1

[Event "GBR-ch U1750 op 104th"]
[Site "Llandudno"]
[Date "2017.08.04"]
[Round "5"]
[White "McCormick, Graeme"]
[Black "Clare, Steve"]
[Result "1-0"]
[WhiteElo "1692"]
[BlackElo "1729"]
[PlyCount "89"]
[EventDate "2017.07.31"]
[EventType "swiss"]
[EventRounds "5"]
[EventCountry "WLS"]
[SourceTitle "EXT 2019"]
[Source "ChessBase"]
[SourceDate "2018.10.10"]
[SourceVersion "1"]
[SourceVersionDate "2018.10.10"]
[SourceQuality "1"]

1. e4 c5 2. g3 Nc6 3. Bg2 e6 4. Nc3 Bd6 5. f4 Nge7 6. Nf3 a6 7. a4 Bc7 8. d3 b6 9. 0-0 Bb7 10. Be3 d6 11. d4 cxd4 12. Nxd4 h5 13. f5 Nxd4 14. Bxd4 e5 15. Be3 f6 16. Qe2 Qd7 17. Qf2 Qc6 18. Nd5 Nxd5 19. exd5 Qc4 20. Bxb6 0-0-0 21. Bxc7 Kxc7 22. Rfd1 h4 23. a5 Qb4 24. c3 hxg3 25. hxg3 Qg4 26. Qf3 Qg5 27. c4 e4 28. Qf4 Rde8 29. Qxg5 fxg5 30. Re1 e3 31. Re2 Re5 32. Ra3 Rhe8 33. g4 Bc8 34. Bf3 R8e7 35. b4 Bb7 36. Rd3 Kd7 37. c5 dxc5 38. bxc5 Ba8 39. Kg2 Re8 40. c6+ Kd6 41. Rb3 Kc5 42. Kf1 Kd4 43. d6 Rh8 44. d7 Kc4 45. Rbxe3 1-0

[Event "GBR-ch U1750 op 104th"]
[Site "Llandudno"]
[Date "2017.08.02"]
[Round "3"]
[White "Bullock, Lee"]
[Black "Clare, Steve"]
[Result "0-1"]
[WhiteElo "1566"]
[BlackElo "1729"]
[PlyCount "47"]
[EventDate "2017.07.31"]
[EventType "swiss"]
[EventRounds "5"]
[EventCountry "WLS"]
[SourceTitle "EXT 2019"]
[Source "ChessBase"]
[SourceDate "2018.10.10"]
[SourceVersion "1"]
[SourceVersionDate "2018.10.10"]
[SourceQuality "1"]

1. d4 Nf6 2. Bf4 g6 3. e3 Bg7 4. Bd3 d5 5. Nf3 0-0 6. c3 b6 7. Nbd2 Bb7 8. Qc2 Nbd7 9. h4 c5 10. b3 a5 11. h5 Ba6 12. c4 cxd4 13. exd4 dxc4 14. bxc4 Nxh5 15. Rxh5 gxh5 16. Bxh7+ Kh8 17. 0-0-0 Nf6 18. Ng5 Qxd4 19. Be3 Qa1+ 20. Nb1 Bxc4 21. Qxc4 Rac8 22. Nxf7+ Kxh7 23. Ng5+ Kg6 24. Rd4 0-1

[Event "GBR-ch U1750 op 104th"]
[Site "Llandudno"]
[Date "2017.08.01"]
[Round "2"]
[White "Clare, Steve"]
[Black "Quinn, Gerhard"]
[Result "1-0"]
[WhiteElo "1729"]
[BlackElo "1607"]
[PlyCount "55"]
[EventDate "2017.07.31"]
[EventType "swiss"]
[EventRounds "5"]
[EventCountry "WLS"]
[SourceTitle "EXT 2019"]
[Source "ChessBase"]
[SourceDate "2018.10.10"]
[SourceVersion "1"]
[SourceVersionDate "2018.10.10"]
[SourceQuality "1"]

1. e4 e6 2. d4 d5 3. e5 c5 4. c3 Nc6 5. Nf3 Nge7 6. Bd3 cxd4 7. cxd4 Nf5 8. Bxf5 exf5 9. 0-0 Be6 10. Nc3 Be7 11. Be3 Qd7 12. Bg5 h6 13. Bxe7 Nxe7 14. Qb3 a6 15. Na4 Qb5 16. Qxb5+ axb5 17. Nc5 b6 18. Nb7 Nc8 19. Rfc1 Kd7 20. Rc2 Ra7 21. Nd6 Nxd6 22. exd6 Kxd6 23. Rac1 Rxa2 24. Rc7 Bd7 25. Ne5 Ke6 26. Nxd7 Ke7 27. Ne5+ Kf6 28. h4 1-0

[Event "BCF-ch Seniors 50 U150 /1750"]
[Site "Bournemouth"]
[Date "2016.07.27"]
[Round "3"]
[White "Stone, Mark R"]
[Black "Clare, Steve"]
[Result "0-1"]
[WhiteElo "1607"]
[BlackElo "1787"]
[PlyCount "70"]
[EventDate "2016.07.25"]
[EventType "swiss"]
[EventRounds "5"]
[EventCountry "ENG"]
[SourceTitle "EXT 2019"]
[Source "ChessBase"]
[SourceDate "2018.10.10"]
[SourceVersion "1"]
[SourceVersionDate "2018.10.10"]
[SourceQuality "1"]

1. e4 d5 2. exd5 Nf6 3. d4 Nxd5 4. c4 Nb4 5. d5 e5 6. a3 N4a6 7. Nc3 c6 8. Nf3 Bg4 9. Be2 Bxf3 10. Bxf3 Bd6 11. 0-0 Nc7 12. dxc6 Nxc6 13. Bxc6+ bxc6 14. Qf3 0-0 15. Qxc6 Rc8 16. Rd1 Ne8 17. Qa6 Qc7 18. b3 Qb8 19. Nb5 Rd8 20. Be3 e4 21. g3 Nc7 22. Nxc7 Bxc7 23. b4 f5 24. Qe6+ Kh8 25. Rd7 f4 26. Bd4 Rxd7 27. Qxd7 Be5 28. Bxe5 Qxe5 29. Rd1 e3 30. Qxa7 e2 31. Re1 f3 32. Qd7 Qc3 33. h4 Qxe1+ 34. Kh2 Qxf2+ 35. Kh3 e1Q 0-1